PESTS AND DISEASES OF TROPICAL: FIELD HANDBOOK / (Record no. 20024)
[ view plain ]
| 000 -الفاتح | |
|---|---|
| حقل البيانات ثابتة الطول | 00516nam a2200193Ia 4500 |
| 008 - عناصر البيانات ثابتة الطول - معلومات عامة | |
| حقل البيانات ثابتة الطول | 140319s9999 xx 000 0 eng d |
| 040 ## - مصدر الفهرسة | |
| وكالة الفهرسة الأصلية | GCL / |
| وكالة النسخ | GCL |
| 082 04 - رقم تصنيف ديوى العشرى | |
| رقم التصنيف | 632 |
| رقم المادة | H P |
| 100 1# - المدخل الرئيسى - إسم شخصى | |
| الإسم الشخصى | HILL, D. S. |
| 245 10 - بيان العنوان | |
| العنوان | PESTS AND DISEASES OF TROPICAL: FIELD HANDBOOK / |
| بيان المسئوليه,etc | HILL, D. S. |
| 700 1# - المدخل الاضافى - اسم شخصى | |
| الإسم الشخصى | WALLER, J. M. |
| 300 ## - الوصف المادى | |
| التعداد | 432\P |
| 650 04 - المدخل الاضافى بالموضوع-مصطلح موضوعى | |
| مصطلح موضوعي | TROPICAL CROPS |
| 650 04 - المدخل الاضافى بالموضوع-مصطلح موضوعى | |
| مصطلح موضوعي | PLANT - DISEASES |
| 650 04 - المدخل الاضافى بالموضوع-مصطلح موضوعى | |
| مصطلح موضوعي | PESTS CONTROL |
| 942 ## - عناصر المدخل الإضافي( كوها) | |
| مصدر التصنيف او مخطط الترفيف | Dewey Decimal Classification |
| Koha [default] item type | كتاب |
| 260 ## - PUBLICATION, DISTRIBUTION, ETC. (IMPRINT) | |
| -- | [S.N] : |
| -- | EDUCATIONAL LOW-PRICED BOOKS SCHEME |
| حالة التراجع | حالة الفقد | حالة تلف | ليس للاعارة | المكان المؤقت | الموقع الحالى | تاريخ الاكتساب | اجمالي اﻻعارات | رقم الطلب | الباركود | تاريخ اخر مشاهدة | تاريخ تفعيل السعر | نوع وعاء كوها |
|---|---|---|---|---|---|---|---|---|---|---|---|---|
| مكتبة القاهرة الكبرى | مكتبة القاهرة الكبرى | 03/26/2014 | 632\H P | 37814 | 03/26/2014 | 03/26/2014 | كتاب | |||||
| مكتبة القاهرة الكبرى | مكتبة القاهرة الكبرى | 03/26/2014 | 632\H P | 37815 | 03/26/2014 | 03/26/2014 | كتاب |

